[Event "Paulista-chT"]
[Site "Sao Paulo"]
[Date "2010.02.21"]
[Round "3"]
[White "D'Israel, Davy Maurice"]
[Black "Nagashima, Carlos Alberto"]
[Result "1-0"]
[WhiteElo "2195"]
[BlackElo "2043"]
[PlyCount "71"]
[EventDate "2010.02.20"]
[EventType "team"]
[EventRounds "7"]
[EventCountry "BRA"]
[SourceTitle "EXT 2011"]
[Source "ChessBase"]
[SourceDate "2010.11.26"]
[SourceVersion "1"]
[SourceVersionDate "2010.11.26"]
[SourceQuality "1"]
[WhiteTeam "Hebraica"]
[BlackTeam "CMSP"]
[WhiteTeamCountry "BRA"]
[BlackTeamCountry "BRA"]

1. d4 d5 2. c4 Bf5 3. Nc3 e6 4. Nf3 Nf6 5. Bf4 c6 6. Qb3 Qb6 7. c5 Qxb3 8. axb3 Na6 9. Ra4 Nh5 10. e3 Nxf4 11. exf4 Nc7 12. b4 a6 13. b5 axb5 14. Rxa8+ Nxa8 15. Kd2 Be7 16. Be2 0-0 17. Ra1 f6 18. Ra7 Rb8 19. Nh4 Kf8 20. Nxf5 exf5 21. Bxb5 cxb5 22. Nxd5 Bd8 23. Kc3 Nc7 24. Nxc7 Bxc7 25. g3 Ke8 26. d5 Kd7 27. Kb4 g5 28. Kxb5 gxf4 29. d6 Bd8 30. b4 fxg3 31. fxg3 Ke6 32. Kc4 Ke5 33. Ra1 Ke4 34. Re1+ Kf3 35. Kd5 Kg4 36. Re8 1-0

[Event "Paulista-chT Interclubes"]
[Site "Sao Paulo"]
[Date "2008.03.??"]
[Round "3"]
[White "Zampronha, Wladimir Camilo"]
[Black "Nagashima, Carlos Alberto"]
[Result "1-0"]
[WhiteElo "2143"]
[BlackElo "2043"]
[PlyCount "75"]
[EventDate "2008.03.01"]
[EventType "team-tourn"]
[EventRounds "7"]
[EventCountry "BRA"]
[SourceTitle "EXT 2022"]
[Source "ChessBase"]
[SourceDate "2021.10.06"]
[SourceVersion "1"]
[SourceVersionDate "2021.10.06"]
[SourceQuality "1"]
[WhiteTeam "Sao Bernardo do C LX"]
[BlackTeam "Circulo Militar"]
[WhiteTeamCountry "BRA"]
[BlackTeamCountry "BRA"]

1. c4 e5 2. Nc3 Nf6 3. g3 d5 4. cxd5 Nxd5 5. Bg2 Nxc3 6. bxc3 Bd6 7. Rb1 c6 8. d3 0-0 9. Nf3 Nd7 10. 0-0 Nf6 11. Qa4 Re8 12. e4 Nd7 13. Qc2 Nc5 14. Be3 Rb8 15. Nh4 Be7 16. Rfd1 Qa5 17. Nf5 Bf8 18. d4 Qa4 19. Qe2 exd4 20. Rxd4 Qa5 21. Bf4 Ra8 22. Nd6 Bxd6 23. Bxd6 Qxc3 24. Rc4 Qd3 25. Qxd3 Nxd3 26. Rd4 Nxf2 27. Kxf2 f6 28. Bf4 b6 29. Rd6 Be6 30. Rb2 Rac8 31. Bf1 Bf7 32. Ba6 Rcd8 33. Rbd2 Rxd6 34. Bxd6 Rxe4 35. Bb8 Bd5 36. Bf1 Ra4 37. Bg2 Rxa2 38. Bxd5+ 1-0

[Event "Sao Paulo Paulista-ch"]
[Site "Sao Paulo"]
[Date "2007.07.01"]
[Round "7"]
[White "Assumpcao, Roberto"]
[Black "Nagashima, Carlos Alberto"]
[Result "1-0"]
[WhiteElo "2272"]
[BlackElo "2049"]
[PlyCount "59"]
[EventDate "2007.06.28"]
[EventType "swiss"]
[EventRounds "7"]
[EventCountry "BRA"]
[SourceTitle "CBM 119 Extra"]
[Source "ChessBase"]
[SourceDate "2007.09.04"]
[SourceVersion "1"]
[SourceVersionDate "2007.09.04"]
[SourceQuality "1"]

1. c4 e5 2. Nc3 Nf6 3. Nf3 Nc6 4. g3 Bb4 5. Bg2 0-0 6. 0-0 Bxc3 7. dxc3 d6 8. Ne1 Be6 9. b3 Qd7 10. Bg5 Bh3 11. Bxf6 gxf6 12. e4 Bg4 13. Qd2 Kg7 14. f4 Bh3 15. fxe5 Nxe5 16. Qf4 Bxg2 17. Qxf6+ Kg8 18. Nxg2 Qe6 19. Qf2 Nd3 20. Qd4 Nc5 21. Rae1 Rfe8 22. Nf4 Qc8 23. Nd5 Re5 24. Qxe5 dxe5 25. Ne7+ Kg7 26. Nxc8 Rxc8 27. b4 Na4 28. Rd1 Kg6 29. Rf3 f6 30. Rfd3 1-0

[Event "Sao Paulo Paulista-ch"]
[Site "Sao Paulo"]
[Date "2007.07.01"]
[Round "7"]
[White "Nagashima, Carlos Alberto"]
[Black "Evangelista, Ademar Pereira Jr"]
[Result "1/2-1/2"]
[WhiteElo "2049"]
[BlackElo "1860"]
[PlyCount "32"]
[EventDate "2007.06.28"]
[EventType "swiss"]
[EventRounds "7"]
[EventCountry "BRA"]
[SourceTitle "CBM 119 Extra"]
[Source "ChessBase"]
[SourceDate "2007.09.04"]
[SourceVersion "1"]
[SourceVersionDate "2007.09.04"]
[SourceQuality "1"]

1. e4 c5 2. Nf3 d6 3. d4 cxd4 4. Nxd4 Nf6 5. Nc3 a6 6. Bc4 e6 7. Bb3 b5 8. a3 Be7 9. 0-0 0-0 10. f4 Bb7 11. Qf3 Nbd7 12. f5 e5 13. Nde2 Nc5 14. Ng3 Nxb3 15. cxb3 b4 16. Nd5 Bxd5 1/2-1/2

[Event "Sao Paulo Paulista-ch"]
[Site "Sao Paulo"]
[Date "2007.06.29"]
[Round "2"]
[White "El Debs, Felipe de Cresce"]
[Black "Nagashima, Carlos Alberto"]
[Result "1-0"]
[WhiteElo "2393"]
[BlackElo "2049"]
[PlyCount "81"]
[EventDate "2007.06.28"]
[EventType "swiss"]
[EventRounds "7"]
[EventCountry "BRA"]
[SourceTitle "CBM 119 Extra"]
[Source "ChessBase"]
[SourceDate "2007.09.04"]
[SourceVersion "1"]
[SourceVersionDate "2007.09.04"]
[SourceQuality "1"]

1. d4 d5 2. c4 Bf5 3. cxd5 Bxb1 4. Qa4+ Qd7 5. Qxd7+ Nxd7 6. Rxb1 Ngf6 7. Bd2 Nb6 8. Rc1 Nbxd5 9. f3 c6 10. e4 Nb6 11. g4 g6 12. h4 h5 13. g5 Nfd7 14. f4 e6 15. Nf3 0-0-0 16. Be3 Kb8 17. Bg2 Be7 18. Kf2 Rhf8 19. Rc2 Nc8 20. Kg3 Nd6 21. Ne5 Nb5 22. Rd1 Nb6 23. b3 c5 24. d5 exd5 25. exd5 Nd6 26. Kh3 Nf5 27. Bf2 Bd6 28. Bxc5 Bxc5 29. Rxc5 Ne3 30. Rd3 Nf5 31. a4 Nc8 32. Rdc3 Ncd6 33. Rc7 Ka8 34. b4 a6 35. Rc1 Ne3 36. Bf3 Nef5 37. b5 axb5 38. axb5 Nd4 39. Nd7 Rxd7 40. Rxd7 N4xb5 41. Be2 1-0

[Event "Sao Paulo CXSP op"]
[Site "Sao Paulo"]
[Date "2004.05.08"]
[Round "2"]
[White "Limp, Eduardo Thelio"]
[Black "Nagashima, Carlos Alberto"]
[Result "1-0"]
[WhiteElo "2407"]
[BlackElo "2033"]
[PlyCount "53"]
[EventDate "2004.05.07"]
[EventType "swiss"]
[EventRounds "9"]
[EventCountry "BRA"]
[SourceTitle "CBM 100 Extra"]
[Source "ChessBase"]
[SourceDate "2004.07.06"]
[SourceVersion "2"]
[SourceVersionDate "2004.07.06"]
[SourceQuality "1"]

1. Nf3 Nf6 2. d4 e6 3. c3 Be7 4. Bg5 b6 5. Nbd2 Ba6 6. Bxf6 Bxf6 7. e4 Bxf1 8. Nxf1 g6 9. Ne3 0-0 10. h4 d6 11. h5 c5 12. hxg6 fxg6 13. Qb3 Qe7 14. Nd5 Qf7 15. Nxf6+ Qxf6 16. dxc5 dxc5 17. Rd1 Qe7 18. Ne5 Qf6 19. Ng4 Qe7 20. e5 Nd7 21. Qc4 Nxe5 22. Nxe5 Qg5 23. Qe4 Rad8 24. 0-0 Rde8 25. f4 Qh4 26. Rd7 Rf5 27. Rxa7 1-0

[Event "Sao Paulo Interclubs"]
[Site "Sao Paulo"]
[Date "2003.??.??"]
[Round "4"]
[White "Nagashima, Carlos Alberto"]
[Black "Milos, Gilberto"]
[Result "0-1"]
[WhiteElo "2045"]
[BlackElo "2580"]
[PlyCount "30"]
[EventDate "2003.03.08"]
[EventType "team"]
[EventRounds "7"]
[EventCountry "BRA"]
[SourceTitle "CBM 093 Extra"]
[Source "ChessBase"]
[SourceDate "2003.05.09"]
[SourceVersion "1"]
[SourceVersionDate "2003.05.09"]
[SourceQuality "1"]

1. e4 c6 2. d4 d5 3. e5 Bf5 4. Nc3 e6 5. g4 Bg6 6. Nge2 c5 7. Be3 Nc6 8. h4 cxd4 9. Nxd4 h5 10. Nxc6 bxc6 11. g5 Ne7 12. Bc5 Qb8 13. Ne2 Qxb2 14. c3 Nf5 15. Rb1 Nxh4 0-1

[Event "Sao Paulo Interclubs"]
[Site "Sao Paulo"]
[Date "2003.??.??"]
[Round "6"]
[White "Nagashima, Carlos Alberto"]
[Black "Vescovi, Giovanni P"]
[Result "0-1"]
[WhiteElo "2045"]
[BlackElo "2592"]
[PlyCount "74"]
[EventDate "2003.03.08"]
[EventType "team"]
[EventRounds "7"]
[EventCountry "BRA"]
[SourceTitle "CBM 093 Extra"]
[Source "ChessBase"]
[SourceDate "2003.05.09"]
[SourceVersion "1"]
[SourceVersionDate "2003.05.09"]
[SourceQuality "1"]

1. e4 c5 2. Nc3 e6 3. g3 a6 4. a4 Nc6 5. Bg2 Nge7 6. d3 g6 7. f4 Bg7 8. Nf3 0-0 9. 0-0 d6 10. Be3 Rb8 11. Qd2 b5 12. axb5 axb5 13. Rfb1 e5 14. Ne2 Qc7 15. fxe5 Nxe5 16. Bh6 N5c6 17. Bxg7 Kxg7 18. d4 cxd4 19. Nfxd4 Ne5 20. Qa5 Rb6 21. Nxb5 Qb8 22. Nec3 N7c6 23. Qa4 Ra6 24. Qb3 Be6 25. Nd5 Rb6 26. c4 Bxd5 27. exd5 Nd4 28. Qa4 Nxb5 29. cxb5 Rxb5 30. Qd4 Rb4 31. Qd2 Qb5 32. h3 Rb8 33. Ra2 h5 34. Kh1 Rb3 35. Kh2 Rxg3 36. Ra5 Qb3 37. Qf4 Rxg2+ 0-1

[Event "Itau Mercosul Cup 4th"]
[Site "Sao Paulo"]
[Date "2000.10.20"]
[Round "5"]
[White "Nagashima, Carlos Alberto"]
[Black "Lima, Darcy Gustavo Macha"]
[Result "0-1"]
[WhiteElo "2037"]
[BlackElo "2525"]
[PlyCount "70"]
[EventDate "2000.10.??"]
[EventType "swiss"]
[EventRounds "7"]
[EventCountry "BRA"]
[SourceTitle "EXT 2001"]
[Source "ChessBase"]
[SourceDate "2000.11.22"]
[SourceVersion "1"]
[SourceVersionDate "2000.11.22"]
[SourceQuality "1"]

1. e4 e6 2. d4 d5 3. Nc3 Bb4 4. e5 c5 5. a3 Bxc3+ 6. bxc3 Nc6 7. Qg4 g6 8. Nf3 Qa5 9. Bd2 Qa4 10. Ra2 b6 11. Bd3 Ba6 12. 0-0 Bxd3 13. cxd3 c4 14. dxc4 Qxc4 15. Raa1 h6 16. Nh4 Nxe5 17. Qg3 Nc6 18. f4 Nf6 19. f5 Ne4 20. Qe3 gxf5 21. Be1 0-0-0 22. a4 Rdg8 23. Nf3 f6 24. Ra3 e5 25. Nd2 Nxd2 26. Bxd2 f4 27. Qh3+ Kc7 28. Qf3 h5 29. Kh1 Rg4 30. Rg1 Rhg8 31. Raa1 Kb7 32. Qf2 h4 33. a5 Nxa5 34. Rxa5 bxa5 35. Rb1+ Ka8 0-1

[Event "Itau Mercosul Cup 3rd"]
[Site "Sao Paulo"]
[Date "1999.??.??"]
[Round "6"]
[White "Nogueira, Ivan Kuhlmann"]
[Black "Nagashima, Carlos Alberto"]
[Result "1-0"]
[WhiteElo "2285"]
[BlackElo "2041"]
[PlyCount "105"]
[EventDate "1999.10.??"]
[EventType "swiss"]
[EventRounds "9"]
[EventCountry "BRA"]
[SourceTitle "EXT 2000"]
[Source "ChessBase"]
[SourceDate "1999.11.16"]
[SourceVersion "1"]
[SourceVersionDate "1999.11.16"]
[SourceQuality "1"]

1. e4 c5 2. Nf3 e6 3. d4 cxd4 4. Qxd4 Nc6 5. Qd3 Nf6 6. c4 Bc5 7. h3 Qc7 8. Nc3 a6 9. Be2 h6 10. a3 d6 11. b4 Ba7 12. Be3 Bxe3 13. Qxe3 0-0 14. 0-0 Rb8 15. Rac1 Nd7 16. Rfd1 Rd8 17. Rc2 Nde5 18. Nd2 Ng6 19. Nb3 b6 20. Bf1 Nce5 21. Nd2 Bd7 22. f4 Nc6 23. Nb3 Nce7 24. g3 a5 25. Nd4 axb4 26. axb4 e5 27. Ndb5 exf4 28. gxf4 Bxb5 29. Nxb5 Qc6 30. Rcd2 Nc8 31. Rd4 Qb7 32. Qg3 Qe7 33. e5 Qh4 34. Kf2 Qxg3+ 35. Kxg3 Nce7 36. Nxd6 Nc6 37. R4d2 Nxb4 38. Bg2 Ne7 39. Rb2 Nbc6 40. Bd5 Nxd5 41. cxd5 Ne7 42. Kf3 Rd7 43. Ke4 Ra7 44. Rdb1 Ra4+ 45. Rb4 Rba8 46. Nc4 R8a6 47. d6 Nc6 48. Rxa4 Rxa4 49. Kd5 Nd8 50. f5 Kf8 51. Rxb6 Ra1 52. Rb8 Rd1+ 53. Kc5 1-0

[Event "Sao Paulo State-ch1"]
[Site "Santa Barbara d'Oeste"]
[Date "1998.??.??"]
[Round "?"]
[White "De Souza, Mauro Guimaraes"]
[Black "Nagashima, Carlos Alberto"]
[Result "1-0"]
[WhiteElo "2405"]
[BlackElo "2050"]
[PlyCount "49"]
[EventDate "1998.??.??"]
[EventType "swiss"]
[EventRounds "6"]
[EventCountry "BRA"]
[SourceTitle "EXT 1999"]
[Source "ChessBase"]
[SourceDate "1998.11.16"]
[SourceVersion "1"]
[SourceVersionDate "1998.11.16"]
[SourceQuality "1"]

1. d4 Nf6 2. c4 c5 3. d5 e6 4. Nc3 exd5 5. cxd5 d6 6. e4 a6 7. f4 Bg4 8. Be2 Bxe2 9. Qxe2 g6 10. Nf3 Bg7 11. 0-0 0-0 12. a4 Re8 13. Kh1 Nbd7 14. e5 Nb6 15. Rd1 Ng4 16. h3 Nh6 17. Qf2 Nf5 18. Ne4 dxe5 19. fxe5 Bxe5 20. Nxe5 Rxe5 21. Bg5 Qc8 22. Nf6+ Kg7 23. Ng4 Ng3+ 24. Qxg3 Rxg5 25. Qc3+ 1-0

[Event "Sao Paulo State-ch2"]
[Site "Rio Claro"]
[Date "1998.??.??"]
[Round "?"]
[White "Nogueira, Ivan Kuhlmann"]
[Black "Nagashima, Carlos Alberto"]
[Result "1-0"]
[WhiteElo "2295"]
[BlackElo "2050"]
[PlyCount "93"]
[EventDate "1998.??.??"]
[EventType "swiss"]
[EventRounds "6"]
[EventCountry "BRA"]
[SourceTitle "EXT 1999"]
[Source "ChessBase"]
[SourceDate "1998.11.16"]
[SourceVersion "1"]
[SourceVersionDate "1998.11.16"]
[SourceQuality "1"]

1. e4 e5 2. Nf3 Nc6 3. Bc4 Be7 4. d4 d6 5. h3 Nf6 6. Nc3 0-0 7. 0-0 a6 8. a4 exd4 9. Nxd4 Nxd4 10. Qxd4 c6 11. a5 Be6 12. Bxe6 fxe6 13. e5 c5 14. Qf4 dxe5 15. Qxe5 Qd6 16. Qe2 Nd5 17. Ne4 Qe5 18. Qc4 Qd4 19. Ra4 Qxc4 20. Rxc4 Rac8 21. Be3 Nxe3 22. fxe3 Rf5 23. Rd1 Rd5 24. Rd3 Rxd3 25. cxd3 Rc6 26. Rc3 Kf7 27. Kf1 h6 28. Ke2 e5 29. Rb3 Rc7 30. Kf3 Rd7 31. Nd2 Ke8 32. Nc4 Bd8 33. Nxe5 Re7 34. Nc4 Rf7+ 35. Ke2 Rd7 36. Ra3 Ke7 37. Ra1 Ke6 38. Rf1 Bf6 39. b4 cxb4 40. d4 Rc7 41. Kd3 Rd7 42. Rb1 Be7 43. e4 Rc7 44. d5+ Kd7 45. e5 Bc5 46. Rf1 Ke8 47. e6 1-0

[Event "Itau Mercosul Cup 1st"]
[Site "Sao Paulo"]
[Date "1997.10.21"]
[Round "3"]
[White "Sorokin, Maxim"]
[Black "Nagashima, Carlos Alberto"]
[Result "1-0"]
[WhiteElo "2555"]
[BlackElo "2135"]
[PlyCount "71"]
[EventDate "1997.10.19"]
[EventType "swiss"]
[EventRounds "9"]
[EventCountry "BRA"]
[SourceTitle "CBM 060 Extra"]
[Source "ChessBase"]
[SourceDate "1997.11.04"]
[SourceVersion "1"]
[SourceVersionDate "1997.11.04"]
[SourceQuality "1"]

1. d4 Nf6 2. c4 e6 3. g3 Bb4+ 4. Bd2 Qe7 5. Nf3 Ne4 6. Bg2 Nxd2 7. Nbxd2 0-0 8. 0-0 d5 9. Rc1 c6 10. e4 dxe4 11. Nxe4 Ba5 12. Qc2 h6 13. Ne5 Nd7 14. c5 Bc7 15. Qc3 Nf6 16. Nxf6+ Qxf6 17. Rfe1 Rd8 18. Re4 Bxe5 19. dxe5 Qg5 20. Rf4 Bd7 21. Rd1 Be8 22. Rd6 Rxd6 23. exd6 Qd8 24. Rb4 Qd7 25. Rg4 f5 26. Ra4 Bh5 27. Qe5 Bf7 28. Ra3 Qd8 29. b4 Qd7 30. Bf1 a6 31. Bc4 Re8 32. Rd3 Ra8 33. a4 Re8 34. Rd4 Kh7 35. h3 Qd8 36. d7 1-0